|
|
|
|
| LEADER |
00000nam0a2200000 4500 |
| 001 |
672459 |
| 005 |
20250828101259.0 |
| 029 |
1 |
0 |
|a RU
|c Патент
|b 2817566 C1
|d МПК A23K 10/00, A23K 20/10
|
| 039 |
0 |
|
|a RU
|b 2023125882
|c 20231010
|
| 090 |
|
|
|a 672459
|
| 100 |
|
|
|a 20240513j20240416k||y0rusy50 ca
|
| 101 |
0 |
|
|a rus
|
| 102 |
|
|
|a RU
|
| 105 |
|
|
|a y k 000yy
|
| 135 |
|
|
|a drcn ---uucaa
|
| 181 |
|
0 |
|a i
|b e
|
| 182 |
|
0 |
|a b
|
| 183 |
|
|
|a cr
|2 RDAcarrier
|
| 200 |
1 |
|
|a Способ получения лечебно-кормовой добавки из торфа
|d Method of producing a therapeutic fodder additive from peat
|e № 2023125882
|e заявлено: 10.10.2023
|e опубликовано: 16.04.2024
|f Ю. В. Передерин, И. О. Усольцева, Н. В. Чухарева [и др.]
|g заявитель Общество с ограниченной ответственностью "СИБУРМЕТАХИМ"
|z eng
|
| 203 |
|
|
|a Текст
|c электронный
|b визуальный
|
| 215 |
|
|
|a 1 файл
|
| 283 |
|
|
|a online_resource
|2 RDAcarrier
|
| 330 |
|
|
|a Изобретение относится к способам получения кормовой добавки на основе торфа и предназначено для сельскохозяйственных животных и птицы для ускорения их роста, снижения заболеваемости и падежа
|
| 336 |
|
|
|a Текстовый файл
|
| 610 |
1 |
|
|a патенты
|
| 610 |
1 |
|
|a труды учёных ТПУ
|
| 610 |
1 |
|
|a электронный ресурс
|
| 610 |
1 |
|
|a изобретения
|
| 610 |
1 |
|
|a кормовые добавки
|
| 610 |
1 |
|
|a торф
|
| 610 |
1 |
|
|a сельскохозяйственные животные
|
| 610 |
1 |
|
|a птицы
|
| 610 |
1 |
|
|a продуктивность
|
| 679 |
0 |
|
|2 ipc
|a A23K 10/00 (2016.01)
|
| 679 |
0 |
|
|2 ipc
|a A23K 20/10 (2016.01)
|
| 679 |
0 |
|
|2 cpc
|a A23K 10/00 (2024.01)
|
| 679 |
0 |
|
|2 cpc
|a A23K 20/10 (2024.01)
|
| 702 |
|
1 |
|a Передерин
|b Ю. В.
|c химик-технолог
|c доцент Томского политехнического университета, кандидат технических наук
|f 1980-
|g Юрий Владимирович
|4 584
|9 19432
|
| 702 |
|
1 |
|a Усольцева
|b И. О.
|c химик
|c старший преподаватель Томского политехнического университета
|f 1993-
|g Ирина Олеговна
|4 584
|9 19963
|
| 702 |
|
1 |
|a Чухарева
|b Н. В.
|c специалист в области нефтегазового дела
|c доцент Томского политехнического университета, кандидат химических наук
|f 1967-
|g Наталья Вячеславовна
|4 584
|9 11962
|
| 702 |
|
1 |
|a Монастырёв
|b А. Ф.
|g Андрей Фёдорович
|4 584
|
| 702 |
|
1 |
|a Зимина
|b И. Г.
|g Ирина Геннадьевна
|4 584
|
| 712 |
0 |
2 |
|a Общество с ограниченной ответственностью "СИБУРМЕТАХИМ"
|4 587
|
| 801 |
|
0 |
|a RU
|b 63413507
|c 20240513
|g RCR
|
| 856 |
4 |
|
|u https://www.fips.ru/cdfi/fips.dll/ru?ty=29&docid=2817566
|z https://www.fips.ru/cdfi/fips.dll/ru?ty=29&docid=2817566
|
| 942 |
|
|
|c CF
|